000 00666nam a2200217Ii 4500
003 JO-AjNU
008 230605s9999||||xx |||||||||||||| ||und||
020 _a978-9950-385-18-4
040 _aJO-AjNU
_bara
_erda
_cJO-AjNU
041 _aara
050 1 4 _aPJ7820.A595.A17.2014
100 3 _aدرويش، محمود,
_eauthor
_961710
245 0 0 _aاحد عشر كوكبا
250 _aط1
264 3 1 _aعمان: الاهلية للنشر والتوزيع، 2014
300 _a89ص
336 _atext
_btxt
_2rdacontent
337 _aunmediated
_bn
_2rdamedia
338 _avolume
_bnc
_2rdacarrier
650 4 _aشعر عربي-فلسطين-القرن20
_961711
999 _aA27908
_c31476
_d31476